| Tag |
First Indicator |
Second Indicator |
Subfields |
| LEADER |
00000cam a2200000 a 4500 |
| 001 |
in00000090231 |
| 005 |
20151008065638.0 |
| 008 |
800321s1960 nyua j 00010 eng d |
| 010 |
|
|
|z 60-5797
|
| 035 |
|
|
|a (OCoLC)06114307
|
| 035 |
|
|
|9 AAK6318AM
|
| 040 |
|
|
|a SEA
|c SEA
|d m.c.
|d TXA
|d UtOrBLW
|
| 049 |
|
|
|a [Curr Col] TXAM
|c [388699]
|
| 090 |
|
|
|a PZ7.C5792
|b Re 1960
|
| 100 |
1 |
|
|a Cleary, Beverly.
|
| 245 |
1 |
4 |
|a The real hole /
|c by Beverly Cleary ; pictures by Mary Stevens.
|
| 264 |
|
1 |
|a New York :
|b Morrow,
|c 1960.
|
| 300 |
|
|
|a 32 unnumbered pages :
|b illustrations (some color) ;
|c 19 x 26 cm.
|
| 336 |
|
|
|a text
|b txt
|2 rdacontent
|
| 337 |
|
|
|a unmediated
|b n
|2 rdamedia
|
| 338 |
|
|
|a volume
|b nc
|2 rdacarrier
|
| 700 |
1 |
|
|a Stevens, Mary,
|d 1920-1966.
|
| 999 |
|
|
|a MARS
|
| 999 |
f |
f |
|s 85ae3983-44fc-3482-a0d2-f52b6249c7e6
|i 4d604b00-4f9e-3cb8-9eb0-bdb70d610a27
|t 0
|
| 952 |
f |
f |
|p ric
|a Texas A&M University
|b Rellis Campus
|c Joint Library Facility
|d Remote Storage
|t 0
|e PZ7.C5792 Re 1960
|h Library of Congress classification
|i unmediated -- volume
|m A14806003370
|
| 998 |
f |
f |
|a PZ7.C5792 Re 1960
|t 0
|l Remote Storage
|